000 00476nam a2200181Ia 4500
005 20250326142501.0
008 250326s9999 xx 000 0 und d
037 _aTextbook
040 _aFMSL
_beng
_cFMSL
041 _aeng
_2eng
084 _qFMSL
100 _aChurch A H
_9746129
245 0 _aDesigning & using organizational survey
_cChurch A H; Waclawski
260 _aU S A
_bU S A, Gower
_c1998
300 _a188p
942 _cTB
999 _c1295247
_d1295247